Leasing v teorii a praxi

Gespeichert in:
Bibliographische Detailangaben
1. Verfasser: Pulz, Jiří
Format: Buch
Sprache:Tschechisch
Veröffentlicht: Praha Grada 1993
Ausgabe:1. vyd.
Schlagworte:
Tags: Tag hinzufügen
Keine Tags, Fügen Sie das erste Tag hinzu!

MARC

LEADER 00000nam a2200000 4500
001 c004578
005 20221206074650.5
020 |a 80-7169-021-X 
041 0 |a cze 
044 |a CZ 
245 1 0 |a Leasing v teorii a praxi  |c Jiří Pulz a kol. 
250 |a 1. vyd. 
264 1 |a Praha  |b Grada  |c 1993 
300 |a 302 s. 
610 2 0 |a lízing 
610 2 0 |a pojmy 
610 2 0 |a zmluvy 
610 2 0 |a normy právne 
610 2 0 |a Česko 
610 2 0 |a Európske spoločenstvá 
100 1 |a Pulz, Jiří